000
00261nam a2200097Ia 4500
005
20251222114341.0
008
251222s1900||||xx |||||||||||||| ||spa||
082
_a
DVD0010/P58/2004
245
0
_a
Caballos salvajes: un frustrado robo, un final inesperado:
942
_c
DVD
999
_c
870
_d
870